| 000 -LEADER |
| fixed length control field |
01641cam a2200301 a 4500 |
| 001 - CONTROL NUMBER |
| control field |
.b18542840 |
| 003 - CONTROL NUMBER IDENTIFIER |
| control field |
OSt |
| 005 - DATE AND TIME OF LATEST TRANSACTION |
| control field |
20260204151714.0 |
| 008 - FIXED-LENGTH DATA ELEMENTS--GENERAL INFORMATION |
| fixed length control field |
200513s2018 nyua j 000 1 eng |
| 010 ## - LIBRARY OF CONGRESS CONTROL NUMBER |
| LC control number |
2018031547 |
| 015 ## - NATIONAL BIBLIOGRAPHY NUMBER |
| National bibliography number |
GBB8E4617 |
| Source |
bnb |
| 020 ## - INTERNATIONAL STANDARD BOOK NUMBER |
| International Standard Book Number |
9780735231566 |
| Qualifying information |
(pbk.) : |
| 040 ## - CATALOGING SOURCE |
| Original cataloging agency |
DLC |
| Language of cataloging |
eng |
| Transcribing agency |
DLC |
| Modifying agency |
BDX |
| -- |
XZ9 |
| -- |
PRSPR |
| -- |
DPL |
| -- |
OCP |
| -- |
FMG |
| -- |
T7B |
| -- |
TCH |
| -- |
PCX |
| -- |
UAP |
| -- |
HBP |
| -- |
T2D |
| -- |
ORX |
| -- |
TXUUL |
| -- |
COO |
| -- |
OCLCF |
| -- |
ILC |
| -- |
OCLCO |
| -- |
CHY |
| -- |
ZGR |
| -- |
YDX |
| -- |
NZAUC |
| -- |
INR |
| -- |
YDX |
| -- |
IDT |
| -- |
EHH |
| -- |
UKMGB |
| -- |
OCLCQ |
| -- |
TXWBR |
| -- |
OCLCO |
| -- |
CKK |
| -- |
T8C |
| -- |
TME |
| -- |
IS# |
| -- |
NZNAP |
| -- |
MLM |
| -- |
CMFTP |
| -- |
I8A |
| -- |
HQX |
| -- |
OD9 |
| -- |
TCJ |
| -- |
NZ1 |
| -- |
FJO |
| -- |
TXENN |
| -- |
OCLCO |
| -- |
CNCAR |
| -- |
TXMLI |
| -- |
OCLCO |
| -- |
SFS |
| -- |
MOF |
| -- |
OCLCO |
| -- |
WCZ |
| -- |
OCLCO |
| -- |
UU8 |
| -- |
LH4 |
| -- |
LKC |
| -- |
FPJ |
| -- |
LMJ |
| -- |
TL4 |
| -- |
XOL |
| -- |
OCLCO |
| -- |
NZHWP |
| -- |
GYG |
| -- |
AU@ |
| -- |
OCLCO |
| -- |
DUNPL |
| -- |
UTP |
| -- |
W8A |
| -- |
OCLCO |
| -- |
MQY |
| -- |
OCLCO |
| -- |
PLS |
| -- |
OCLCO |
| -- |
IQ0 |
| -- |
JX9 |
| -- |
OCLCO |
| -- |
SIITE |
| -- |
BYV |
| -- |
ZQP |
| -- |
OCLCO |
| -- |
O2C |
| -- |
OCLCO |
| -- |
TXSVP |
| -- |
JTH |
| -- |
DLC |
| -- |
KH8 |
| 042 ## - AUTHENTICATION CODE |
| Authentication code |
nbic |
| 043 ## - GEOGRAPHIC AREA CODE |
| Geographic area code |
n-us-fl |
| 082 04 - DEWEY DECIMAL CLASSIFICATION NUMBER |
| Classification number |
FIC RIG |
| Edition number |
23 |
| 100 1# - MAIN ENTRY--PERSONAL NAME |
| Personal name |
Riggs, Ransom, |
| Relator term |
author. |
| 245 12 - TITLE STATEMENT |
| Title |
A map of days / |
| Statement of responsibility, etc. |
by Ransom Riggs. |
| 260 ## - PUBLICATION, DISTRIBUTION, ETC. |
| Place of publication, distribution, etc. |
New York, NY : |
| Name of publisher, distributor, etc. |
Dutton Books, an imprint of Penguin Random House LLC, |
| Date of publication, distribution, etc. |
c2018. |
| 300 ## - PHYSICAL DESCRIPTION |
| Extent |
480 p. : |
| Other physical details |
ill. (some col.) ; |
| Dimensions |
21 cm. |
| 490 1# - SERIES STATEMENT |
| Series statement |
Miss Peregrine's Peculiar Children ; |
| Volume/sequential designation |
4. |
| 520 ## - SUMMARY, ETC. |
| Summary, etc. |
"After having saved the peculiar world, Jacob Portman is back in Florida with his peculiar friends, where they set out on a journey across America to discover the truth about Jacob's grandfather"--Provided by publisher. |
| 650 #0 - SUBJECT ADDED ENTRY--TOPICAL TERM |
| Topical term or geographic name entry element |
Voyages and travels |
| Form subdivision |
Juvenile fiction. |
| 650 #0 - SUBJECT ADDED ENTRY--TOPICAL TERM |
| Topical term or geographic name entry element |
Grandfathers |
| Form subdivision |
Juvenile fiction. |
| 650 #0 - SUBJECT ADDED ENTRY--TOPICAL TERM |
| Topical term or geographic name entry element |
Paranormal fiction. |
| 800 1# - SERIES ADDED ENTRY--PERSONAL NAME |
| Personal name |
Riggs, Ransom. |
| Title of a work |
Novel of Miss Peregrine's Peculiar Children ; |
| Volume/sequential designation |
4. |
| 942 ## - ADDED ENTRY ELEMENTS (KOHA) |
| Source of classification or shelving scheme |
|
| Koha item type |
Books - Fiction |